LEADER 01335nam 2200445 450 001 9910153211603321 005 20200520144314.0 010 $a1-78714-091-1 035 $a(CKB)3710000000960559 035 $a(MiAaPQ)EBC4745644 035 $a(Au-PeEL)EBL4745644 035 $a(CaPaEBR)ebr11300218 035 $a(OCoLC)964408688 035 $a(EXLCZ)993710000000960559 100 $a20161205d2016 uy| 0 101 0 $aeng 135 $aurcnu|||||||| 181 $2rdacontent 182 $2rdamedia 183 $2rdacarrier 200 00$aActivism with(out) organisation /$fguest editors, Richard J. White and Patricia Burke Wood 210 1$a[Bradford, West Yorkshire] :$cEmerald,$d2016. 215 $a1 online resource (143 pages) $cillustrations 225 0 $aInternational journal of sociology and social policy,$x0144-333X ;$vvolume 36, number 9/10 2016 311 $a1-78714-090-3 606 $aSocial movements 606 $aSocial change 606 $aSocial action 608 $aElectronic books. 615 0$aSocial movements. 615 0$aSocial change. 615 0$aSocial action. 676 $a360 801 0$bMiAaPQ 801 1$bMiAaPQ 801 2$bMiAaPQ 906 $aBOOK 912 $a9910153211603321 996 $aActivism with(out) organisation$91971170 997 $aUNINA LEADER 02287oam 2200649 450 001 9910707744403321 005 20170414104107.0 035 $a(CKB)5470000002467105 035 $a(OCoLC)962327518 035 $a(EXLCZ)995470000002467105 100 $a20161109d2016 ua 0 101 0 $aeng 135 $aurbn||||a|||| 181 $ctxt$2rdacontent 182 $cc$2rdamedia 183 $acr$2rdacarrier 200 10$aHearing on the special counsel's report on the prosecution of Senator Ted Stevens $ehearing before the Committee on the Judiciary, United States Senate, One Hundred Twelfth Congress, second session, March 28, 2012 210 1$aWashington :$cU.S. Government Publishing Office,$d2016. 215 $a1 online resource (iv, 124 pages) 225 1 $aS. hrg. ;$v112-943 300 $aPaper version available for sale by the Superintendent of Documents, United States Government Publishing Office. 300 $a"Serial no. J-112-69 ." 320 $aIncludes bibliographical references. 517 $aHearing on the special counsel's report on the prosecution of Senator Ted Stevens 606 $aCriminal procedure$zUnited States 606 $aProsecution$zUnited States 606 $aFair trial$zUnited States 606 $aTrials (Misconduct in office)$zUnited States 606 $aCorruption$2fast 606 $aCriminal procedure$2fast 606 $aFair trial$2fast 606 $aProsecution$2fast 606 $aTrials (Misconduct in office)$2fast 607 $aUnited States$2fast 608 $aLegislative hearings.$2lcgft 608 $aLegislative hearings.$2fast 608 $aTrials, litigation, etc.$2fast 615 0$aCriminal procedure 615 0$aProsecution 615 0$aFair trial 615 0$aTrials (Misconduct in office) 615 7$aCorruption. 615 7$aCriminal procedure. 615 7$aFair trial. 615 7$aProsecution. 615 7$aTrials (Misconduct in office) 801 0$bGPO 801 1$bGPO 801 2$bGPO 801 2$bOCLCF 801 2$bCUT 801 2$bAZP 801 2$bGPO 906 $aBOOK 912 $a9910707744403321 996 $aHearing on the special counsel's report on the prosecution of Senator Ted Stevens$93506127 997 $aUNINA